| 000 | 00882cam a2200277 a 4500 | ||
|---|---|---|---|
| 001 | 1507132 | ||
| 003 | OSt | ||
| 005 | 20220118023452.0 | ||
| 008 | 890313s1989 njua b 001 0 eng | ||
| 010 | _a 89003294 | ||
| 020 | _a0139254471 | ||
| 040 |
_cMMU _beng _dMMU _aMMU |
||
| 050 | 0 | 0 |
_aG155.A1 _bH823 1989 |
| 082 | 0 | 0 |
_a338.4/791 _220 |
| 100 | 1 | _aHudman, Lloyd E. | |
| 245 | 1 | 0 |
_aTourism in contemporary society : _ban introductory text / _cLloyd E. Hudman, Donald E. Hawkins ; foreword by Willibald P. Pahr. |
| 260 |
_aEnglewood Cliffs, N.J. : _bPrentice-Hall, _cc1989. |
||
| 300 |
_axii, 285 p. : _bill. ; _c29 cm. |
||
| 500 | _a"National Publishers book." | ||
| 500 | _aIncludes index. | ||
| 504 | _aBibliography: p. 271-276. | ||
| 650 | 0 | _aTourism. | |
| 700 | 1 | _aHawkins, Donald E. | |
| 906 |
_a7 _bcbc _corignew _d1 _eocip _f19 _gy-gencatlg |
||
| 942 |
_2lcc _cLOAN LOAN |
||
| 999 |
_c16461 _d16461 |
||